10 Biggest Cities in Greece - Statistics

General Stats
  • This quiz has been taken 74 times
    63 since last reset
  • The average score is 5 of 10
Answer Stats
Population City % Correct
3 755 000 Athens
100%
1 085 000 Thessaloniki
88%
175 000 Heraklion
65%
260 000 Patras
63%
160 000 Larissa
59%
145 000 Volos
47%
110 000 Chania
43%
115 000 Rhodes
35%
105 000 Agrinio
16%
165 000 Ioannia
8%
No matching quizzes found
Score Distribution
Percent of People with Each Score
Percentile by Number Answered
Your Score History
You have not taken this quiz since the last reset